Central Library OPAC University of Rajshahi

Africa and the communist world / (Record no. 65324)

MARC details
000 -LEADER
fixed length control field 01242nam a2200301 a 4500
001 - CONTROL NUMBER
control field 65324
003 - CONTROL NUMBER IDENTIFIER
rucl marc code BD-RjUL
005 - DATE AND TIME OF LATEST TRANSACTION
control field 20211209081417.0
008 - FIXED-LENGTH DATA ELEMENTS--GENERAL INFORMATION
fixed length control field 170304s1963 caub b 001 0 eng d
035 ## - SYSTEM CONTROL NUMBER
System control number (BD-RjUL)65454
040 ## - CATALOGING SOURCE
Original cataloging agency LC
Language of cataloging eng
Transcribing agency LC
Modifying agency XNTU
-- BD-RjUL
041 ## - LANGUAGE CODE
Language code of text/sound track or separate title eng
082 04 - DEWEY DECIMAL CLASSIFICATION NUMBER
Classification number 327.47067
Edition number 23
Author mark and year AFR 1963
245 00 - TITLE STATEMENT
Title Africa and the communist world /
Statement of responsibility, etc. edited by Zbigniew Brzezinski ; contributors: Alexander Dallin ... [et al.].
260 ## - PUBLICATION, DISTRIBUTION, ETC. (IMPRINT)
Place of publication, distribution, etc. Stanford, Calif. :
Name of publisher, distributor, etc. Published for the Hoover Institution on War, Revolution, and Peace by Stanford University Press,
Date of publication, distribution, etc. 1963.
300 ## - PHYSICAL DESCRIPTION
Pagination xii, 272 p. ;
Size 23 cm.
490 1# - SERIES STATEMENT
Series statement Hoover Institution publications
500 ## - GENERAL NOTE
General note Inludes index.
504 ## - BIBLIOGRAPHY, ETC. NOTE
Bibliography, etc Bibliographical notes: p. [233]-264.
650 #0 - SUBJECT ADDED ENTRY--TOPICAL TERM
Topical term or geographic name as entry element Communist strategy.
9 (RLIN) 177139
Topical term or geographic name as entry element Communism
Geographic subdivision Africa, Sub-Saharan.
9 (RLIN) 193342
651 #0 - SUBJECT ADDED ENTRY--GEOGRAPHIC NAME
Geographic name Africa, Sub-Saharan
General subdivision Foreign economic relations
Geographic subdivision Communist countries.
9 (RLIN) 193343
Geographic name Communist countries
General subdivision Foreign economic relations
Geographic subdivision Africa, Sub-Saharan.
9 (RLIN) 193344
Geographic name Africa, Sub-Saharan
General subdivision Foreign relations
Chronological subdivision 1960-
9 (RLIN) 193345
700 1# - ADDED ENTRY--PERSONAL NAME
Personal name Brzezinski, Zbigniew,
Dates associated with a name 1928-
830 #0 - SERIES ADDED ENTRY--UNIFORM TITLE
Uniform title Hoover Institution publication ;
Volume number/sequential designation 32
942 ## - ADDED ENTRY ELEMENTS (KOHA)
Source of classification or shelving scheme Dewey Decimal Classification
Koha item type Books
Holdings
Lost status Source of classification or shelving scheme Damaged status Not for loan Collection code Permanent Location Current Location Shelving location Date acquired Source of acquisition Total Checkouts Full call number Date last seen Copy number Koha item type
  Dewey Decimal Classification   Not For Loan Non-fiction Central Library, University of Rajshahi Central Library, University of Rajshahi Reading Room 26/08/1990 Asia Foundation   327.47067 AFR 1963 04/03/2017 C-1 Books